Normal view
MARC view
- Debates and debating.
Entry Topical Term
001 - CONTROL NUMBER
- control field: 37602
003 - CONTROL NUMBER IDENTIFIER
- control field: OSt
005 - DATE AND TIME OF LATEST TRANSACTION
- control field: 20190315092315.0
008 - FIXED-LENGTH DATA ELEMENTS
- fixed length control field: 190315|| aca||aabn | a|a d
040 ## - CATALOGING SOURCE
- Original cataloging agency: OSt
- Transcribing agency: OSt
150 ## - HEADING--TOPICAL TERM
- Topical term or geographic name entry element: Debates and debating.
670 ## - SOURCE DATA FOUND
- Source citation: Work cat.: (OSt): Snider, Alfred A. 37601, Sparking the debate :, ©2013.
